| 000 | 03116cam a2200409 i 4500 | ||
|---|---|---|---|
| 001 | 18216901 | ||
| 003 | OSt | ||
| 005 | 20180117090007.0 | ||
| 008 | 140707s2015 nyua b 001 0 eng | ||
| 010 | _a 2014026329 | ||
| 020 | _a9781462516995 (paperback : alk. paper) | ||
| 035 | _a(DNLM)101636187 | ||
| 040 |
_aDNLM/DLC _beng _cDLC _erda _dDLC |
||
| 042 | _apcc | ||
| 050 | 0 | 0 |
_aRC569.5.B67 _bL563 2015 |
| 060 | 1 | 0 | _aWM 190.5.B5 |
| 082 | 0 | 0 |
_a616.89/142 _223 |
| 100 | 1 |
_aLinehan, Marsha, _eauthor. |
|
| 240 | 1 | 0 | _aSkills training manual for treating borderline personality disorder |
| 245 | 1 | 0 |
_aDBT skills training manual / _cMarsha M. Linehan. |
| 246 | 1 | _aDialectical behavior therapy skills training manual | |
| 250 | _aSecond edition. | ||
| 300 |
_axxiv, 504 pages : _billustrations ; _c27 cm |
||
| 500 | _aPreceded by: Skills training manual for treating borderline personality disorder / Marsha M. Linehan. c1993. | ||
| 504 | _aIncludes bibliographical references and index. | ||
| 505 | 8 | _aMachine generated contents note: List of Online Handouts and Worksheets I. An Introduction to DBT Skills Training 1. Rationale for Dialectical Behavior Therapy Skills Training 2. Planning to Conduct DBT Skills Training 3. Structuring Skills Training Sessions 4. Skills Training Treatment Targets and Procedures 5. Application of Fundamental DBT Strategies in Behavioral Skills Training Part I Appendices II. Teaching Notes for DBT Skills Modules 6. General Skills: Orientation and Analyzing Behavior 7. Mindfulness Skills 8. Interpersonal Effectiveness Skills 9. Emotion Regulation Skills 10. Distress Tolerance Skills Index. | |
| 520 | _a"From Marsha M. Linehan--the developer of dialectical behavior therapy (DBT)--this comprehensive resource provides vital tools for implementing DBT skills training. The teaching notes and reproducible handouts and worksheets used for over two decades by hundreds of thousands of practitioners have been significantly revised and expanded to reflect important research and clinical advances. The book gives complete instructions for orienting individuals with a wide range of problems to DBT and teaching them mindfulness, interpersonal effectiveness, emotion regulation, and distress tolerance skills. Handouts and worksheets are not included in the book; purchasers get access to a Web page where they can download and print all the handouts and worksheets discussed in a convenient 8 1/2" x 11" size"--Provided by publisher. | ||
| 650 | 1 | 2 |
_aBorderline Personality Disorder _xtherapy. |
| 650 | 2 | 2 |
_aBehavior Therapy _xmethods. |
| 650 | 2 | 2 | _aPsychotherapeutic Processes. |
| 650 | 2 | 2 |
_aPsychotherapy _xmethods. |
| 650 | 2 | 2 |
_aSuicide _xprevention & control. |
| 906 |
_a7 _bcbc _corignew _d1 _eecip _f20 _gy-gencatlg |
||
| 942 |
_2ddc _cBK |
||
| 999 |
_c3480 _d3480 |
||